=LDR 00000nam 2200000 4500 =001 INLIS000000000027550 =005 20130612125921 =008 ***********************************Ind** =035 ##$$0010-061300000027550 =041 ##$$a Ind =082 ##$$a 2x3.1 =090 ##$$a 2x3.1, Rid m =100 ##$$a Ridha,Abdurrasyid =245 ##$$a Memasuki makna cinta, Abdurrasyid Ridha =260 ##$$a 2004 $b Yogyakarta =300 ##$$a xv,173 hlm, 21 cm =650 ##$$a Cinta ALLAH =850 ##$$a NBPNMAT